| 000 | 00535nam a2200169 i 4500 | ||
|---|---|---|---|
| 001 | 27865 | ||
| 003 | ES-MaACL | ||
| 005 | 20230906153724.0 | ||
| 007 | t| | ||
| 008 | 030115s1972 sp ||||1| spa d | ||
| 110 | 1 |
_aAlmería. _bAyuntamiento. _91338 |
|
| 245 | 1 | 0 |
_aPresupuesto ordinario y especial de urbanismo, 1972 / _cAyuntamiento de Almería. |
| 260 |
_aAlmería : _b[Ayuntamiento de Almería, _c1972] ( _fGráf. Ortiz) |
||
| 300 |
_a152 p. ; _c24 cm. |
||
| 650 | 4 |
_aPresupuestos- _zAlmería. _9174535 |
|
| 852 | 4 |
_aES-MaACL _jC-43686 |
|
| 999 |
_c27865 _d27865 |
||